000 00580nam a2200169 a 4500
008 120416s1990 ||||||||||||||||| || u
020 _a0314665900
050 _aQA 76.5 Hop
100 _aHopper, Grace Murray
245 1 0 _aUnderstanding Computers. (3rd ed.)
250 _a3rd. ed.
260 _aSt. Paul :
_bWest Publishing
_c1990
300 _axxiv, 578p. : ill
350 _a0.00
650 _aELECTRONIC DIGITAL COMPUTERS
995 _D0.00
_FCBU-MAIN LIBRARY (Kitwe)
_H1
_I15.95
_M1
_UDAMAGED
_ZMain Library Open Access Collection
999 _c60676
_d60676